| 000 | 00677nam a2200289Ia 4500 | ||
|---|---|---|---|
| 005 | 20260324140404.0 | ||
| 008 | 008 260324s9999 xx 000 0 eng d | ||
| 020 | _a9780429503528 | ||
| 037 | _aEBOOK | ||
| 040 | _aCRL | ||
| 040 | _beng | ||
| 040 | _cCRL | ||
| 041 | _2eng | ||
| 041 | _aeng | ||
| 084 | _qCRL | ||
| 100 |
_aGeorge J Demko _9999946 |
||
| 245 | 0 | _aPopulation Under Duress | |
| 245 | 0 | _bGeodemography Of Post-soviet Russia | |
| 260 | _bTaylor and Francis | ||
| 260 | _c1999 | ||
| 365 | _a | ||
| 365 | _b180 | ||
| 856 | _uhttp://www.taylorfrancis.com/books/9780429503528 | ||
| 942 | _cEBOOK | ||
| 999 |
_c1806234 _d1806234 |
||